Speech to open the first session of the Second Parliament. (Record no. 197173)
[ view plain ]
| 000 -LEADER | |
|---|---|
| fixed length control field | 00617cam4a220020500 4500 |
| 001 - CONTROL NUMBER | |
| control field | tmp15770847 |
| 003 - CONTROL NUMBER IDENTIFIER | |
| control field | UPRA |
| 005 - DATE AND TIME OF LATEST TRANSACTION | |
| control field | 20190830121310.0 |
| 008 - FIXED-LENGTH DATA ELEMENTS--GENERAL INFORMATION | |
| fixed length control field | 951025q19601969bs f eng u |
| 035 ## - SYSTEM CONTROL NUMBER | |
| System control number | (Sirsi) r72375 |
| 035 ## - SYSTEM CONTROL NUMBER | |
| System control number | (UPRA)tmp15770847 |
| 040 ## - CATALOGING SOURCE | |
| Transcribing agency | UPRA |
| 100 1# - MAIN ENTRY--PERSONAL NAME | |
| Titles and words associated with a name | Sir, d8.1..17.5 |
| Linkage | A33331.1 |
| 245 10 - TITLE STATEMENT | |
| Title | Speech to open the first session of the Second Parliament. |
| 260 ## - PUBLICATION, DISTRIBUTION, ETC. | |
| Place of publication, distribution, etc. | Gaborone : |
| Name of publisher, distributor, etc. | Govt. Printer, |
| Date of publication, distribution, etc. | [196-] |
| 949 ## - LOCAL PROCESSING INFORMATION (OCLC) | |
| a | (O2) 1966/7 |
| w | lcc |
| m | MAIN |
| t | BOOK |
| l | ON-SHELF |
| 949 ## - LOCAL PROCESSING INFORMATION (OCLC) | |
| a | (O2) 1966/7 |
| w | lcc |
| m | MAIN |
| t | BOOK |
| l | ON-SHELF |
| 949 ## - LOCAL PROCESSING INFORMATION (OCLC) | |
| a | (O2) 1966/7 |
| w | lcc |
| m | MAIN |
| t | BOOK |
| l | ON-SHELF |
No items available.